[Event "Pan American-ch U18 33rd"]
[Site "Chicago"]
[Date "2023.08.12"]
[Round "1"]
[White "Shlyakhtenko, Robert"]
[Black "Hu, Merric"]
[Result "0-1"]
[WhiteElo "2403"]
[BlackElo "2061"]
[PlyCount "156"]
[EventDate "2023.08.12"]
[EventType "swiss"]
[EventRounds "9"]
[EventCountry "USA"]
[SourceTitle "EXT 2024"]
[Source "ChessBase"]
[SourceDate "2023.10.10"]
[SourceVersion "1"]
[SourceVersionDate "2023.10.10"]
[SourceQuality "1"]

1. d4 Nf6 2. c4 g6 3. Nc3 d5 4. Bg5 Ne4 5. Bh4 Nxc3 6. bxc3 Bg7 7. e3 c5 8. cxd5 Qxd5 9. Nf3 cxd4 10. cxd4 Nc6 11. Be2 0-0 12. 0-0 Bf5 13. Nd2 e5 14. Bf3 e4 15. Be2 Rac8 16. Rb1 Na5 17. Qa4 b6 18. Rfc1 Bd7 19. Qa3 Rfe8 20. Be7 Be6 21. Ba6 Rxc1+ 22. Rxc1 Qd7 23. Bb4 Nc6 24. Nxe4 Nxb4 25. Qxb4 Qd5 26. Nc3 Qg5 27. Bb7 Rd8 28. Rd1 Bg4 29. Rd2 Be6 30. g3 Rb8 31. Bg2 Rc8 32. Rc2 Qh5 33. Qb2 Qa5 34. Rc1 Bf8 35. a4 Bb4 36. Ne4 Rxc1+ 37. Qxc1 Qxa4 38. d5 Bf5 39. Nf6+ Kg7 40. e4 Kxf6 41. exf5 Bc5 42. fxg6 hxg6 43. h4 Qd4 44. Kh2 Qxf2 45. Qg5+ Kg7 46. h5 Qf5 47. Qxf5 gxf5 48. Kh3 Kh6 49. g4 Kg5 50. Bf3 a5 51. gxf5 Kxf5 52. Bg4+ Kg5 53. Bd7 Kxh5 54. Be8 Kg6 55. Kg4 Kf6 56. Kf4 Ke7 57. Bc6 Kd6 58. Kf5 Bd4 59. Ke4 Bg7 60. Be8 Ke7 61. Bc6 Ba1 62. Ba4 f6 63. Kd3 Kd6 64. Kc4 f5 65. Bd1 Be5 66. Bf3 Bh2 67. Bg2 Bg1 68. Bh3 f4 69. Bg2 Bc5 70. Kb5 Ke5 71. Bh1 Kd4 72. Bf3 Ke3 73. Bg4 f3 74. d6 Bxd6 75. Kxb6 a4 76. Kc6 f2 77. Bh3 a3 78. Kxd6 a2 0-1

[Event "Titled Tuesday intern op 01st Aug Early"]
[Site "Chess.com INT"]
[Date "2023.08.01"]
[Round "1"]
[White "Hu, Merric"]
[Black "Gunina, Valentina"]
[Result "0-1"]
[WhiteElo "2061"]
[BlackElo "2457"]
[PlyCount "72"]
[EventDate "2023.08.01"]
[EventType "swiss (blitz)"]
[EventRounds "11"]
[EventCountry "USA"]
[SourceTitle "EXT 2024"]
[Source "ChessBase"]
[SourceDate "2023.10.10"]
[SourceVersion "1"]
[SourceVersionDate "2023.10.10"]
[SourceQuality "1"]

1. Nc3 d5 2. d4 Nf6 3. Nf3 Bf5 4. h3 Nbd7 5. Bf4 e6 6. e3 Bb4 7. Bd3 Ne4 8. Bxe4 Bxe4 9. 0-0 Bg6 10. Nb5 Ba5 11. Rc1 0-0 12. c4 a6 13. Na3 c6 14. cxd5 exd5 15. Nb1 Bh5 16. a3 Re8 17. Nc3 Bxc3 18. Rxc3 Nf6 19. g4 Bg6 20. Ne5 Ne4 21. Rc1 Qh4 22. Kg2 h5 23. f3 Ng5 24. Bg3 Qxh3+ 25. Kf2 Ne4+ 26. fxe4 Bxe4 27. Rg1 h4 28. Bf4 f6 29. Nf3 g5 30. Bd6 Re6 31. Bc7 Rc8 32. Ba5 Rce8 33. Bd2 f5 34. gxf5 g4 35. Rh1 g3+ 36. Ke2 Qg2+ 0-1

[Event "Titled Tuesday intern op 30th May Late"]
[Site "Chess.com INT"]
[Date "2023.05.30"]
[Round "5"]
[White "Martinez, Ayelen"]
[Black "Hu, Merric"]
[Result "0-1"]
[WhiteElo "2099"]
[BlackElo "2022"]
[PlyCount "130"]
[EventDate "2023.05.30"]
[EventType "swiss (blitz)"]
[EventRounds "11"]
[EventCountry "USA"]
[SourceTitle "CBM 214 Extra"]
[Source "ChessBase"]
[SourceDate "2023.07.31"]
[SourceVersion "1"]
[SourceVersionDate "2023.07.31"]
[SourceQuality "1"]

1. e4 e5 2. Nf3 d6 3. d4 Nc6 4. Nc3 g6 5. Bg5 f6 6. Be3 Bg7 7. Bc4 Nge7 8. dxe5 dxe5 9. Nd5 Na5 10. Qe2 Nxc4 11. Qxc4 Nxd5 12. exd5 0-0 13. d6+ Rf7 14. 0-0-0 cxd6 15. Rd2 Bf5 16. Rhd1 Rc8 17. Qb3 Bf8 18. h3 Kg7 19. g4 Be4 20. Nh4 Rfc7 21. c3 Bc6 22. f4 Qe8 23. g5 fxg5 24. fxe5 gxh4 25. exd6 Qxe3 26. dxc7 Rxc7 27. Kb1 Be7 28. Ka1 Bg5 29. Rd3 Qe2 30. Rd6 Re7 31. Qb4 Re4 32. Qc5 Kh6 33. R6d4 Rxd4 34. Qxd4 Bf3 35. Rb1 Qe3 36. Qxe3 Bxe3 37. Re1 Bg5 38. Rf1 Bc6 39. Rf7 Be3 40. Kb1 a6 41. Kc2 Be4+ 42. Kb3 Bd5+ 43. Kb4 Bxf7 44. Ka5 Bxa2 45. c4 Bxc4 46. b4 b6+ 47. Ka4 b5+ 48. Ka5 Bc1 49. Kxa6 Bd2 50. Ka5 Kg5 51. Kb6 Bxb4 52. Kc6 Bd2 53. Kd6 Kf4 54. Ke7 h5 55. Kf6 Bd3 56. Kg7 b4 57. Kh6 b3 58. Kg7 b2 59. Kh6 b1B 60. Kg7 Bbc2 61. Kh6 Kf5+ 62. Kg7 g5 63. Kh6 Be2 64. Kg7 g4 65. hxg4+ hxg4 0-1

[Event "Dulles Cherry Blossom op 10th"]
[Site "Dulles"]
[Date "2023.05.24"]
[Round "1"]
[White "Sargsyan, Anna M"]
[Black "Hu, Merric"]
[Result "1-0"]
[WhiteElo "2375"]
[BlackElo "2022"]
[PlyCount "69"]
[EventDate "2023.05.24"]
[EventType "swiss"]
[EventRounds "9"]
[EventCountry "USA"]
[SourceTitle "CBM 214 Extra"]
[Source "ChessBase"]
[SourceDate "2023.07.31"]
[SourceVersion "1"]
[SourceVersionDate "2023.07.31"]
[SourceQuality "1"]

1. e4 c5 2. Nf3 Nc6 3. d4 cxd4 4. Nxd4 g6 5. Nc3 Bg7 6. Be3 Nf6 7. f3 0-0 8. Bc4 d6 9. Bb3 Bd7 10. h4 Nxd4 11. Bxd4 b5 12. Qd2 a5 13. h5 a4 14. Bxf6 exf6 15. Bd5 Rc8 16. hxg6 hxg6 17. a3 f5 18. 0-0-0 Qf6 19. g4 f4 20. Ba2 Rc6 21. g5 Qxg5 22. Rdg1 Qf6 23. e5 Qf5 24. Nd5 Re8 25. exd6 Bf6 26. Rh5 Re1+ 27. Rxe1 gxh5 28. Ne7+ Bxe7 29. dxe7 Rc8 30. c3 Kg7 31. Bb1 Qh3 32. Qxf4 f6 33. Ba2 Bf5 34. Rg1+ Kh7 35. Bf7 1-0

[Event "Titled Tuesday intern op 25th Apr Late"]
[Site "Chess.com INT"]
[Date "2023.04.25"]
[Round "2"]
[White "Hu, Merric"]
[Black "Gutierrez Olivares, Daniel"]
[Result "0-1"]
[WhiteElo "2022"]
[BlackElo "2354"]
[PlyCount "135"]
[EventDate "2023.04.25"]
[EventType "swiss (blitz)"]
[EventRounds "11"]
[EventCountry "USA"]
[SourceTitle "EXT 2024"]
[Source "ChessBase"]
[SourceDate "2023.10.10"]
[SourceVersion "1"]
[SourceVersionDate "2023.10.10"]
[SourceQuality "1"]

1. c4 d6 2. Nc3 Nd7 3. e3 Ngf6 4. Nge2 e5 5. d4 Be7 6. b3 0-0 7. Bb2 c6 8. h3 Re8 9. Ng3 Qc7 10. Be2 g6 11. 0-0 Bf8 12. f4 exd4 13. exd4 Bg7 14. Bf3 Rb8 15. a4 d5 16. cxd5 Qxf4 17. Nge2 Qe3+ 18. Kh1 c5 19. dxc5 Nxc5 20. Bc1 Qd3 21. Bf4 Ra8 22. Nb5 Qxd1 23. Raxd1 Na6 24. d6 Rd8 25. Nec3 Nc5 26. b4 Ne6 27. Be3 Nh5 28. Nd5 Ng3+ 29. Kg1 Nxf1 30. Kxf1 Bd7 31. Nbc7 Rab8 32. Bxa7 Bxa4 33. Bxb8 Bxd1 34. Bxd1 Rxb8 35. Nb6 Rd8 36. Nxe6 fxe6 37. Nc4 b5 38. Ne3 Rxd6 39. Be2 Rd4 40. Bxb5 Rxb4 41. Bd3 Rb3 42. Ke2 Bh6 43. Ng4 Bg7 44. Be4 Rb2+ 45. Kf3 h5 46. Ne3 Rb3 47. Ke2 Bh6 48. Nc2 Rc3 49. Bd3 Rc5 50. Bxg6 Rg5 51. Be4 Re5 52. Kf3 Rc5 53. Nd4 Kf7 54. Ne2 Rb5 55. g3 Rb3+ 56. Kg2 Be3 57. Bf3 Kg6 58. g4 h4 59. Be4+ Kg5 60. Bf3 Bf4 61. Kf1 Rb1+ 62. Kg2 Rb2 63. Kf1 e5 64. Kg2 Ra2 65. Kf2 Ra3 66. Ng1 Be3+ 67. Kg2 Bxg1 68. Be4 0-1

[Event "Titled Tuesday intern op 05th Jul Late"]
[Site "Chess.com INT"]
[Date "2022.07.05"]
[Round "1"]
[White "Hu, Merric"]
[Black "Dardha, Daniel"]
[Result "1-0"]
[WhiteElo "2021"]
[BlackElo "2575"]
[PlyCount "43"]
[EventDate "2022.07.05"]
[EventType "swiss (blitz)"]
[EventRounds "11"]
[EventCountry "USA"]
[SourceTitle "CBM 209 Extra"]
[Source "ChessBase"]
[SourceDate "2022.09.30"]
[SourceVersion "1"]
[SourceVersionDate "2022.09.30"]
[SourceQuality "1"]

1. e4 e5 2. Nf3 Nc6 3. Bc4 Bc5 4. c3 Nf6 5. 0-0 Nxe4 6. d4 exd4 7. cxd4 Bb6 8. d5 Ne7 9. Qe2 Nd6 10. Re1 Nxc4 11. Qxc4 0-0 12. Bg5 Re8 13. d6 cxd6 14. Nc3 h6 15. Bh4 Kf8 16. Nd5 f6 17. Nxf6 Bxf2+ 18. Kxf2 Qb6+ 19. Kf1 gxf6 20. Bxf6 d5 21. Qf4 Kg8 22. Qg4+ 1-0

[Event "Titled Tuesday intern op 28th Jun Late"]
[Site "Chess.com INT"]
[Date "2022.06.28"]
[Round "3"]
[White "Xu, Yi"]
[Black "Hu, Merric"]
[Result "1-0"]
[WhiteElo "2507"]
[BlackElo "2075"]
[PlyCount "41"]
[EventDate "2022.06.28"]
[EventType "swiss (blitz)"]
[EventRounds "11"]
[EventCountry "USA"]
[SourceTitle "CBM 209 Extra"]
[Source "ChessBase"]
[SourceDate "2022.09.30"]
[SourceVersion "1"]
[SourceVersionDate "2022.09.30"]
[SourceQuality "1"]

1. e4 c5 2. Nf3 Nc6 3. Bb5 g6 4. 0-0 Bg7 5. c3 Nf6 6. Re1 0-0 7. h3 d6 8. d4 cxd4 9. cxd4 Nd7 10. Nc3 e5 11. Be3 exd4 12. Nxd4 Nxd4 13. Bxd4 a6 14. Bxd7 Qxd7 15. Bxg7 Kxg7 16. Qd4+ f6 17. Nd5 Qf7 18. Rac1 Rd8 19. Rc7 Bd7 20. Nb6 Rab8 21. Qxd6 1-0

[Event "Continental op 51st"]
[Site "Sturbridge"]
[Date "2021.08.13"]
[Round "3"]
[White "Moor, Nathaniel Philip"]
[Black "Hu, Merric"]
[Result "1-0"]
[WhiteElo "2041"]
[BlackElo "2089"]
[PlyCount "57"]
[EventDate "2021.08.12"]
[EventType "swiss"]
[EventRounds "9"]
[EventCountry "USA"]
[SourceTitle "CBM 203 Extra"]
[Source "ChessBase"]
[SourceDate "2021.09.30"]
[SourceVersion "1"]
[SourceVersionDate "2021.09.30"]
[SourceQuality "1"]

1. e4 c5 2. Nf3 Nc6 3. d4 cxd4 4. Nxd4 g6 5. Nc3 Bg7 6. Be3 Nf6 7. Bc4 0-0 8. Bb3 d6 9. f3 Bd7 10. Qd2 Rc8 11. 0-0-0 Ne5 12. h4 h5 13. Kb1 a5 14. a4 Nc4 15. Bxc4 Rxc4 16. b3 Rc8 17. Ndb5 Be6 18. Bd4 Kh7 19. g4 hxg4 20. h5 Rh8 21. hxg6+ Kg8 22. Rxh8+ Kxh8 23. gxf7 Bxf7 24. fxg4 Kg8 25. g5 Ng4 26. g6 Be6 27. Bxg7 Kxg7 28. Nd4 Qd7 29. Nd5 1-0

[Event "World op 48th"]
[Site "ICC INT"]
[Date "2020.08.09"]
[Round "9"]
[White "Hu, Merric"]
[Black "Gareyev, Timur"]
[Result "0-1"]
[WhiteElo "2080"]
[BlackElo "2606"]
[PlyCount "72"]
[EventDate "2020.08.07"]
[EventType "swiss"]
[EventRounds "9"]
[EventCountry "USA"]
[SourceTitle "CBM 197 Extra"]
[Source "ChessBase"]
[SourceDate "2020.09.30"]
[SourceVersion "1"]
[SourceVersionDate "2020.09.30"]
[SourceQuality "1"]

1. e4 g6 2. d4 Bg7 3. Nf3 d6 4. Bd3 Nf6 5. 0-0 0-0 6. Re1 Nc6 7. c3 e5 8. h3 Nd7 9. d5 Ne7 10. Bg5 f6 11. Bh4 h5 12. Nbd2 Bh6 13. Nb3 Qe8 14. c4 b6 15. a3 Kh8 16. Nbd2 Bf4 17. b4 Rg8 18. Bg3 g5 19. Nh2 Rg7 20. Nhf1 Nf8 21. Bxf4 gxf4 22. Kh2 Qg6 23. g3 Qh6 24. Be2 Nfg6 25. Rc1 fxg3+ 26. fxg3 Nf4 27. h4 Bd7 28. Nf3 Rag8 29. Qd2 Qg6 30. Bd1 Bh3 31. Qf2 Bxf1 32. gxf4 Qg2+ 33. Qxg2 Rxg2+ 34. Kh1 Rf2 35. Nh2 Bg2+ 36. Kg1 Rxf4 0-1

[Event "Titled Tuesday intern op 4th Aug 10am"]
[Site "Chess.com INT"]
[Date "2020.08.04"]
[Round "7"]
[White "Fernandez Siles, Luis"]
[Black "Hu, Merric"]
[Result "1/2-1/2"]
[WhiteElo "2256"]
[BlackElo "2080"]
[PlyCount "129"]
[EventDate "2020.08.04"]
[EventType "swiss (blitz)"]
[EventRounds "10"]
[EventCountry "USA"]
[SourceTitle "CBM 197 Extra"]
[Source "ChessBase"]
[SourceDate "2020.09.30"]
[SourceVersion "1"]
[SourceVersionDate "2020.09.30"]
[SourceQuality "1"]

1. e4 c5 2. c3 Nf6 3. e5 Nd5 4. d4 cxd4 5. Nf3 Nc6 6. cxd4 d6 7. Bc4 dxe5 8. dxe5 Ndb4 9. Qb3 e6 10. a3 Na6 11. 0-0 Be7 12. Rd1 Qc7 13. Nc3 0-0 14. Nb5 Qb6 15. Qd3 Rd8 16. Qe2 Rxd1+ 17. Qxd1 Na5 18. Bd3 Bd7 19. Qe2 Nb3 20. Rb1 Nxc1 21. Rxc1 Nc5 22. Bc4 a6 23. Nc3 Qd8 24. Ne4 Nxe4 25. Qxe4 Bc6 26. Qg4 Rc8 27. Bf1 Qb6 28. Ng5 Bxg5 29. Qxg5 Qxb2 30. Rd1 Qxa3 31. Rd8+ Rxd8 32. Qxd8+ Qf8 33. Qb6 Qe7 34. Bxa6 bxa6 35. Qxc6 Qa3 36. g3 Qf8 37. Qxa6 g6 38. h4 Qg7 39. Qd6 h5 40. g4 Kh7 41. gxh5 gxh5+ 42. Kh2 Qg4 43. Qd3+ Kg7 44. Qg3 Kg6 45. Qxg4+ hxg4 46. Kg3 Kh5 47. f3 gxf3 48. Kxf3 Kxh4 49. Kf4 Kh5 50. Kf3 Kg6 51. Kf4 Kg7 52. Kg5 Kf8 53. Kf4 Ke8 54. Ke4 Kd7 55. Kd4 Kc7 56. Kc5 Kd7 57. Kd4 Ke7 58. Ke4 Kf8 59. Kf4 Kg8 60. Kg4 Kh8 61. Kh4 Kh7 62. Kh5 Kg7 63. Kg5 Kg8 64. Kg4 Kf8 65. Kf4 1/2-1/2

[Event "Titled Tuesday intern op 4th Aug 10am"]
[Site "Chess.com INT"]
[Date "2020.08.04"]
[Round "4"]
[White "Tsyhanchuk, Stanislav"]
[Black "Hu, Merric"]
[Result "1-0"]
[WhiteElo "2322"]
[BlackElo "2080"]
[PlyCount "45"]
[EventDate "2020.08.04"]
[EventType "swiss (blitz)"]
[EventRounds "10"]
[EventCountry "USA"]
[SourceTitle "CBM 197 Extra"]
[Source "ChessBase"]
[SourceDate "2020.09.30"]
[SourceVersion "1"]
[SourceVersionDate "2020.09.30"]
[SourceQuality "1"]

1. e3 Nf6 2. Nf3 g6 3. d4 Bg7 4. c4 0-0 5. Nc3 d5 6. cxd5 Nxd5 7. Bd3 Nxc3 8. bxc3 c5 9. 0-0 cxd4 10. cxd4 Nc6 11. Ba3 Re8 12. Rb1 e5 13. dxe5 Nxe5 14. Nxe5 Bxe5 15. Bb5 Qxd1 16. Rfxd1 Re6 17. Rd8+ Kg7 18. Bd7 Bxd7 19. Rxa8 Ra6 20. Bf8+ Kf6 21. Bc5 Rxa2 22. Rxa7 Bc6 23. Rxa2 1-0

[Event "Titled Tuesday intern op 7th July"]
[Site "Chess.com INT"]
[Date "2020.07.07"]
[Round "1"]
[White "Hu, Merric"]
[Black "Mhango, Banele"]
[Result "0-1"]
[WhiteElo "2080"]
[BlackElo "2117"]
[PlyCount "52"]
[EventDate "2020.07.07"]
[EventType "swiss (blitz)"]
[EventRounds "10"]
[EventCountry "USA"]
[SourceTitle "CBM 197 Extra"]
[Source "ChessBase"]
[SourceDate "2020.09.30"]
[SourceVersion "1"]
[SourceVersionDate "2020.09.30"]
[SourceQuality "1"]

1. e4 c5 2. Nf3 d6 3. d4 cxd4 4. Nxd4 Nf6 5. Nc3 a6 6. g3 e5 7. Nde2 Be7 8. Bg2 0-0 9. 0-0 b5 10. a4 b4 11. Nd5 Nxd5 12. Qxd5 Ra7 13. Be3 Rd7 14. c3 bxc3 15. Nxc3 Bb7 16. Qd2 Nc6 17. Bh3 Na5 18. Bxd7 Qxd7 19. Nd5 Bd8 20. Qc2 f5 21. b4 fxe4 22. Rad1 Qf7 23. Qxe4 Nb3 24. Qc4 Nd4 25. Bxd4 Bxd5 26. Qxa6 Qf3 0-1

[Event "Titled Tuesday intern op 6th June"]
[Site "Chess.com INT"]
[Date "2020.06.02"]
[Round "4"]
[White "Hu, Merric"]
[Black "Patrascu, Catalin Lucian"]
[Result "1-0"]
[WhiteElo "2080"]
[BlackElo "2320"]
[PlyCount "43"]
[EventDate "2020.06.02"]
[EventType "swiss (blitz)"]
[EventRounds "10"]
[EventCountry "USA"]
[SourceTitle "CBM 196 Extra"]
[Source "ChessBase"]
[SourceDate "2020.07.31"]
[SourceVersion "1"]
[SourceVersionDate "2020.07.31"]
[SourceQuality "1"]

1. e4 Nf6 2. e5 Nd5 3. d4 d6 4. c4 Nb6 5. exd6 cxd6 6. Nc3 g6 7. Be2 Bg7 8. Nf3 Bg4 9. 0-0 0-0 10. Be3 Nc6 11. b3 d5 12. c5 Nc8 13. b4 Nxb4 14. Qb3 Nc6 15. Qxb7 Bxf3 16. Bxf3 Nxd4 17. Bxd5 e6 18. Be4 Nc2 19. Bxc2 Bxc3 20. Rad1 Qh4 21. Qxa8 Be5 22. g3 1-0

[Event "Titled Tuesday intern op 6th June"]
[Site "Chess.com INT"]
[Date "2020.06.02"]
[Round "3"]
[White "Selbes, Tarik"]
[Black "Hu, Merric"]
[Result "1-0"]
[WhiteElo "2235"]
[BlackElo "2080"]
[PlyCount "75"]
[EventDate "2020.06.02"]
[EventType "swiss (blitz)"]
[EventRounds "10"]
[EventCountry "USA"]
[SourceTitle "CBM 196 Extra"]
[Source "ChessBase"]
[SourceDate "2020.07.31"]
[SourceVersion "1"]
[SourceVersionDate "2020.07.31"]
[SourceQuality "1"]

1. e4 c5 2. Nf3 Nc6 3. Bb5 g6 4. 0-0 Bg7 5. Re1 Nf6 6. Nc3 0-0 7. e5 Ng4 8. Bxc6 dxc6 9. d3 Nh6 10. h3 Nf5 11. Ne4 b6 12. Bf4 Nd4 13. c3 Ne6 14. Bh2 Ba6 15. d4 cxd4 16. cxd4 Qd7 17. Rc1 Rfd8 18. Qa4 Bb5 19. Qa3 Re8 20. Rcd1 h6 21. b3 a5 22. Qc1 Nc7 23. Nc3 Nd5 24. Nxb5 cxb5 25. Qd2 b4 26. Rc1 Rac8 27. e6 fxe6 28. Be5 Nf6 29. Qd3 g5 30. Bh2 Rxc1 31. Rxc1 Rc8 32. Re1 Rc3 33. Qg6 Rxf3 34. gxf3 Qxd4 35. Rxe6 Qd7 36. Rxb6 Kh8 37. Rb8+ Ng8 38. Be5 1-0

[Event "Titled Tuesday intern op 6th June"]
[Site "Chess.com INT"]
[Date "2020.06.02"]
[Round "2"]
[White "Suvrajit, Saha"]
[Black "Hu, Merric"]
[Result "1-0"]
[WhiteElo "2198"]
[BlackElo "2080"]
[PlyCount "111"]
[EventDate "2020.06.02"]
[EventType "swiss (blitz)"]
[EventRounds "10"]
[EventCountry "USA"]
[SourceTitle "CBM 196 Extra"]
[Source "ChessBase"]
[SourceDate "2020.07.31"]
[SourceVersion "1"]
[SourceVersionDate "2020.07.31"]
[SourceQuality "1"]

1. d4 Nf6 2. Nf3 g6 3. c4 Bg7 4. Nc3 0-0 5. e4 d6 6. Be2 e5 7. 0-0 Nc6 8. d5 Ne7 9. Ne1 Ne8 10. Be3 f5 11. f3 f4 12. Bf2 g5 13. c5 Ng6 14. cxd6 Nxd6 15. a4 a6 16. Bc5 h5 17. h3 Rf7 18. a5 Bd7 19. Nd3 Bf8 20. Nf2 Rg7 21. Qb3 Rb8 22. Rfd1 g4 23. fxg4 hxg4 24. Bxg4 Nh4 25. Rd3 Qg5 26. Kf1 b6 27. axb6 cxb6 28. Bxd6 Bxd6 29. Rxa6 Bc5 30. d6+ Kh7 31. Ncd1 f3 32. gxf3 Rf8 33. Ra7 Bxg4 34. Rxg7+ Qxg7 35. fxg4 Qf6 36. Rd2 Nf3 37. Rc2 Nd4 38. Qc3 Nxc2 39. Qxc2 Qxd6 40. Qe2 Qf6 41. Kg2 Qf4 42. Nd3 Qg5 43. Nc3 Bd4 44. Nd5 Rf7 45. N5b4 Kg6 46. Nd5 Kh6 47. b4 Rf8 48. b5 Qh4 49. N5b4 Rc8 50. Nc6 Qg5 51. Nxd4 exd4 52. e5 Re8 53. e6 Qf6 54. Qd2+ Kg7 55. Nf4 Rf8 56. Nh5+ 1-0

[Event "Titled Tuesday intern op 6th June"]
[Site "Chess.com INT"]
[Date "2020.06.02"]
[Round "9"]
[White "Urh, Zala"]
[Black "Hu, Merric"]
[Result "1/2-1/2"]
[WhiteElo "2108"]
[BlackElo "2080"]
[PlyCount "123"]
[EventDate "2020.06.02"]
[EventType "swiss (blitz)"]
[EventRounds "10"]
[EventCountry "USA"]
[SourceTitle "CBM 196 Extra"]
[Source "ChessBase"]
[SourceDate "2020.07.31"]
[SourceVersion "1"]
[SourceVersionDate "2020.07.31"]
[SourceQuality "1"]

1. d4 Nf6 2. c4 g6 3. Nc3 Bg7 4. e4 d6 5. Nf3 0-0 6. Be2 e5 7. 0-0 Nc6 8. d5 Ne7 9. b4 Nh5 10. c5 f5 11. Ng5 Nf6 12. f3 h6 13. Ne6 Bxe6 14. dxe6 d5 15. exd5 Nfxd5 16. Nxd5 Qxd5 17. Qxd5 Nxd5 18. Bc4 c6 19. Rd1 Rfd8 20. Bb2 Kh7 21. a3 Ne3 22. Rxd8 Rxd8 23. Bb3 Bf6 24. Bc1 f4 25. Kf2 Nf5 26. Bc4 g5 27. Ra2 Kg7 28. Rd2 Rxd2+ 29. Bxd2 Nd4 30. Bc3 Nf5 31. Ke2 Kf8 32. Kd3 Ke7 33. Ke4 Ne3 34. Bb3 Nxg2 35. Bxe5 Bxe5 36. Kxe5 g4 37. fxg4 f3 38. Bc4 f2 39. Ke4 Ne1 40. Ke3 Nc2+ 41. Kxf2 Nxa3 42. Bb3 Nb5 43. h4 Nd4 44. Bc4 Nxe6 45. Bxe6 Kxe6 46. Ke3 Kf6 47. Kf4 b6 48. g5+ hxg5+ 49. hxg5+ Kg6 50. Ke5 Kxg5 51. Kd6 bxc5 52. bxc5 a5 53. Kxc6 a4 54. Kb5 a3 55. c6 a2 56. c7 a1Q 57. c8Q Qb1+ 58. Ka6 Qa2+ 59. Kb7 Qb3+ 60. Kc7 Qc3+ 61. Kb8 Qxc8+ 62. Kxc8 1/2-1/2

[Event "PNWCC Online Masters"]
[Site "Chess.com INT"]
[Date "2020.05.25"]
[Round "8.33"]
[White "Wilson, Ronen"]
[Black "Hu, Merric"]
[Result "1-0"]
[WhiteElo "1909"]
[BlackElo "2080"]
[PlyCount "65"]
[EventDate "2020.05.23"]
[EventType "swiss (rapid)"]
[EventRounds "9"]
[EventCountry "USA"]
[SourceTitle "CBM 196 Extra"]
[Source "ChessBase"]
[SourceDate "2020.07.31"]
[SourceVersion "1"]
[SourceVersionDate "2020.07.31"]
[SourceQuality "1"]

1. e4 c5 2. Nf3 Nc6 3. d4 cxd4 4. Nxd4 Nf6 5. Nc3 g6 6. Nxc6 bxc6 7. e5 Ng8 8. Be3 Bg7 9. Bd4 c5 10. Bxc5 Bxe5 11. Qd5 Bxc3+ 12. bxc3 Qc7 13. Qxa8 Qxc5 14. Qf3 Nf6 15. Be2 Bb7 16. Qg3 0-0 17. 0-0 Ne4 18. Qe3 Qxe3 19. fxe3 Nxc3 20. Bf3 Bxf3 21. gxf3 Rb8 22. a3 Rb2 23. Rf2 a5 24. e4 a4 25. Rd2 d6 26. Kf2 Nb5 27. Ke3 e5 28. c4 Rxd2 29. Kxd2 Nd4 30. Rf1 g5 31. Kc3 Ne6 32. Kb4 Nc5 33. Rd1 1-0

[Event "PNWCC Online Masters"]
[Site "Chess.com INT"]
[Date "2020.05.23"]
[Round "3.35"]
[White "Hu, Merric"]
[Black "Liu, Erik"]
[Result "1-0"]
[WhiteElo "2080"]
[BlackElo "1615"]
[PlyCount "117"]
[EventDate "2020.05.23"]
[EventType "swiss (rapid)"]
[EventRounds "9"]
[EventCountry "USA"]
[SourceTitle "CBM 196 Extra"]
[Source "ChessBase"]
[SourceDate "2020.07.31"]
[SourceVersion "1"]
[SourceVersionDate "2020.07.31"]
[SourceQuality "1"]

1. e4 c5 2. Nf3 d6 3. d4 cxd4 4. Nxd4 Nf6 5. Nc3 a6 6. Be2 e6 7. 0-0 Be7 8. f4 e5 9. Nb3 exf4 10. Bxf4 Nc6 11. a4 Be6 12. Kh1 0-0 13. Nd4 Qb6 14. Nxe6 fxe6 15. Bc4 Kh8 16. Bxe6 Qxb2 17. Qd2 Qb6 18. Rab1 Qc7 19. Nd5 Nxd5 20. Qxd5 Rad8 21. Rb3 g5 22. Rh3 gxf4 23. Bf5 Rxf5 24. Qxf5 Bf8 25. Rxf4 Qg7 26. Rg3 Ne7 27. Rxg7 Nxf5 28. Rf7 Bg7 29. exf5 Be5 30. Rg4 b5 31. g3 d5 32. axb5 axb5 33. f6 d4 34. Rgg7 Bxf6 35. Rxh7+ Kg8 36. Kg2 b4 37. Rd7 Re8 38. Rhf7 Bh8 39. Rfe7 Rc8 40. Rc7 Rd8 41. Rb7 Kf8 42. Re2 d3 43. cxd3 Rxd3 44. Rxb4 Bc3 45. Rb7 Rd2 46. Rxd2 Bxd2 47. h4 Kg8 48. Kh3 Bh6 49. g4 Bf8 50. g5 Bg7 51. Kg4 Be5 52. h5 Bg7 53. h6 Be5 54. Kh5 Kh8 55. Kg6 Bd6 56. Rd7 Bf8 57. Rd8 Kg8 58. h7+ Kh8 59. Rxf8# 1-0

[Event "PNWCC Online blitz JP 2nd"]
[Site "Chess.com INT"]
[Date "2020.03.21"]
[Round "9"]
[White "Hu, Merric"]
[Black "Jin, Derek"]
[Result "0-1"]
[WhiteElo "2080"]
[BlackElo "1880"]
[PlyCount "54"]
[EventDate "2020.03.21"]
[EventType "swiss (blitz)"]
[EventRounds "11"]
[EventCountry "USA"]
[SourceTitle "CBM 195 Extra"]
[Source "ChessBase"]
[SourceDate "2020.05.31"]
[SourceVersion "1"]
[SourceVersionDate "2020.05.31"]
[SourceQuality "1"]

1. e4 c5 2. b3 Nc6 3. Bb2 e5 4. Bb5 d6 5. f4 exf4 6. Nf3 Nf6 7. e5 dxe5 8. Nxe5 Bd7 9. Bxc6 bxc6 10. 0-0 Bd6 11. Qf3 0-0 12. Nxc6 Qc7 13. Bxf6 gxf6 14. Nc3 Bxc6 15. Qg4+ Kh8 16. Qf5 Be5 17. Ne4 Bxe4 18. Qxe4 Rg8 19. Rf3 Rg6 20. Re1 Rag8 21. Rh3 Rxg2+ 22. Kh1 R2g6 23. Qf5 Qc8 24. Qh5 Qa8+ 25. Rf3 Rg5 26. Qh3 Qe4 27. Ref1 Bd4 0-1

[Event "Eastern op 45th"]
[Site "Tysons"]
[Date "2018.12.29"]
[Round "4"]
[White "Hu, Merric"]
[Black "Victoria, Narciso"]
[Result "1/2-1/2"]
[WhiteElo "1867"]
[BlackElo "2109"]
[PlyCount "88"]
[EventDate "2018.12.27"]
[EventType "swiss"]
[EventRounds "7"]
[EventCountry "USA"]
[SourceTitle "CBM 188 Extra"]
[Source "ChessBase"]
[SourceDate "2019.02.26"]
[SourceVersion "1"]
[SourceVersionDate "2019.02.26"]
[SourceQuality "1"]

1. e4 c5 2. Nf3 d6 3. d4 cxd4 4. Nxd4 Nf6 5. Nc3 a6 6. g3 g6 7. Bg2 Bg7 8. h3 0-0 9. Be3 Nc6 10. 0-0 Bd7 11. Kh2 Rc8 12. Qd2 Re8 13. Rac1 Ne5 14. b3 Qa5 15. Nce2 Qxd2 16. Bxd2 Nc6 17. Be3 Nxd4 18. Nxd4 e5 19. Ne2 Bc6 20. Nc3 Bd7 21. Nd5 Nxd5 22. exd5 f5 23. c4 e4 24. Rc2 b5 25. Rfc1 bxc4 26. Rxc4 Rxc4 27. Rxc4 Rc8 28. Bf1 Rxc4 29. bxc4 Bc8 30. c5 dxc5 31. Bxc5 Kf7 32. Bc4 Ke8 33. Kg1 Be5 34. Kg2 Kd7 35. Bb3 Bd6 36. Bb6 Bb4 37. Be3 Bb7 38. Bf4 Bd6 39. Be3 Be5 40. Bd2 Kd6 41. Bb4+ Kc7 42. Ba5+ Kd7 43. Bd2 Bc7 44. Be3 Be5 1/2-1/2